| 000 | 00749nam a2200265 4500 | ||
|---|---|---|---|
| 001 | 35237 | ||
| 003 | BD-RjUL | ||
| 005 | 20211209052302.0 | ||
| 008 | 140522s1968 ii b 001 0 eng d | ||
| 035 | _a(BD-RjUL)35331 | ||
| 040 |
_aDLC _cDLC _dDLC _dBD-RjUL _beng |
||
| 041 | _aeng | ||
| 082 | 0 | 0 |
_a306.850954 _bGOU 1968 |
| 100 | 1 |
_aGore, M. S. _9107361 |
|
| 245 | 1 | 0 |
_aUrbanization and family change / _cby M. S. Gore. |
| 260 |
_aBombay : _bPopular Prakashan, _c1968. |
||
| 300 |
_axiv, 273 p. ; _c23 cm. |
||
| 350 | _a30.00 | ||
| 504 | _aInclude index and Bibliography: p. [265]-270. | ||
| 650 | 0 |
_aFamilies _zIndia. _9107362 |
|
| 650 | 0 |
_aUrbanization _zIndia. _9107363 |
|
| 942 |
_2ddc _cBK |
||
| 999 |
_c35237 _d35237 |
||